Pokémon - Sinnoh Trivia Quiz - Statistics

General Stats
  • This quiz has been taken 191 times
  • The average score is 17 of 30
Answer Stats
Hint Answer % Correct
Leader of Team Galactic Cyrus
87%
Name of Professor Rowan's assistant Dawn / Lucas
85%
Guardian of Lake Valor Azelf
84%
Pokémon hiding in the Old Chateau's TV Rotom
82%
Number of Baby Pokémon introduced in Sinnoh 8
81%
Galactic Commander Mars's ace Pokémon Purugly
81%
Item given to you by the fisherman in the west gate of Jubilife City Old Rod
79%
Mountain that divides the Sinnoh region down the middle Mt. Coronet
76%
Pokémon Cynthia sends out first in your battles with her Spiritomb
75%
The only Gym Leader to use a starter Pokémon in Sinnoh Gardenia
74%
Signature move of Chatot Chatter
70%
Wrestling name of the Water-type Gym Leader Crasher Wake
70%
Pokémon that block your way until you give them the Secret Potion Psyduck
70%
Elite Four member who uses a Lopunny in Diamond/Pearl Flint
64%
King of the Legendary Titans who can't get it going Regigigas
63%
Sinnoh's Safari Zone Great Marsh
58%
Shrine at the top of the mountain Spear Pillar
58%
Delelelele-WHOOOOOOOOOP!!! Kricketune
57%
Name of Burmy's cloak if you evolve it in a city Trash cloak
56%
Route where Lake Verity is located Route 201
47%
Name of your rival's father Palmer
45%
Japanese island the geography of Sinnoh is based on Hokkaido
42%
Volcano containing Heatran's lair Stark Mountain
37%
City where you can change Deoxys's form Veilstone City
37%
Location which lets you walk with your Pokémon out of its Poké Ball Amity Square
32%
Island where Shaymin lives Flower Paradise
21%
Post-game island on which the Battle Frontier is located Battle Zone
19%
Lake which links the Pokémon world and the Distortion World Sendoff Spring
19%
Cave in between Jubilife City and Floaroma Town Ravaged Path
17%
Canalave City's sailor who takes you to Iron Island Eldritch
6%
No matching quizzes found
Score Distribution
Percent of People with Each Score
Percentile by Number Answered
Your Score History
You have not taken this quiz